| 000 | 00974nam a2200289 i 4500 | ||
|---|---|---|---|
| 001 | 181482 | ||
| 003 | ES-MaACL | ||
| 005 | 20250807210332.0 | ||
| 008 | 130123s2012 sp a | |||||||| | spa d | ||
| 020 | _a978-84-08-07946-0 | ||
| 080 | _a613.88-055.2(460)"1931/39" | ||
| 080 | _a176(460)"1931/39" | ||
| 100 | 1 |
_aHerreros, Isabelo, _d1953- _963354 |
|
| 245 | 1 | 3 |
_aLa conquista del cuerpo / _cIsabelo Herreros. |
| 250 | _a1ª ed. | ||
| 260 |
_aBarcelona : _bPlaneta, _c2012. |
||
| 300 |
_a332 p. : _bil. ; _c24 cm. |
||
| 490 | 1 |
_aEspaña escrita ; _v32 |
|
| 504 | _aBibliografía: p. 319-321. Índice. | ||
| 650 | 4 |
_aMujeres- _xConducta sexual- _zEspaña _915260 |
|
| 650 | 4 |
_aErotismo- _zEspaña- _y1931-1939. _9152124 |
|
| 650 | 4 |
_aÉtica sexual- _zEspaña- _y1931-1939. _9152125 |
|
| 830 | 0 |
_aEspaña escrita ; _v32 _9187633 |
|
| 852 |
_aES-MaACL _jA-12557 _9188383 _bR.148769 _cDEPO1 _dOlim: N-5560 |
||
| 942 |
_2udc _cMONOGRAFIA |
||
| 999 |
_c181482 _d181482 |
||